Tun Umar yang berani

Bibliographic Details
Main Author: A. Ghani Abdullah
Format: Book
Published: Petaling Jaya : Maximseri Design Sdn.Bhd , 2003

MARC

LEADER 00000cam a2200000 7i4500
001 0000064847
005 20160724.0
008 160724
020 |a 9789832561439 
020 |a 9832561426 (set) 
020 |a 9832561434 
090 0 0 |a BIO   |b MAL 
100 1 |a A. Ghani Abdullah 
245 1 0 |a Tun Umar yang berani   |c A. Ghani Abdullah 
260 |a Petaling Jaya :   |b Maximseri Design Sdn.Bhd ,   |c 2003 
300 |a 18 pg :   |b Col., b.w ;   |c 20.9cm. 
500 |a Children ages 7-9 years old (orange) 
999 |a 0000002636   |b Book   |c Children Collection   |e Cawangan Taman Universiti 
999 |a 0000002637   |b Book   |c Children Collection   |e Cawangan Taman Universiti 
999 |a 0000002638   |b Book   |c Children Collection   |e Cawangan Taman Universiti 
999 |a 0000002639   |b Book   |c Children Collection   |e Cawangan Taman Universiti 
999 |a 0000858150   |b Book   |c Children Collection   |e Cawangan Tmn. Ungku Tun Aminah 
999 |a 0000858152   |b Book   |c Children Collection   |e Cawangan Tmn. Ungku Tun Aminah